000 00677nam a2200277Ia 4500
005 20260324124627.0
008 008 260324s9999 xx 000 0 eng d
020 _a9781003420651
037 _aEBOOK
040 _aCRL
040 _beng
040 _cCRL
041 _2eng
041 _aeng
084 _qCRL
100 _aP.D.A. Harvey
_91174890
245 0 _aManors and Maps in Rural England, from the Tenth Century to the Seventeenth
260 _bTaylor and Francis
260 _c2010
365 _a
365 _b240
856 _uhttp://www.taylorfrancis.com/books/9781003420651
942 _cEBOOK
999 _c1769420
_d1769420